Statistiques concernant Equipementier coupe du monde

Cliquez ici pour prendre le quiz!

Statistiques générales

  • Ce quiz a été pris 109 fois
  • Le résultat moyen est 6 sur 9

Statistiques - réponses

HintRéponse% Correct
NikeBrésil/Australie/France/Angleterre/Pays-Bas/Croatie/Canada/Portugal/USA/Qatar/Arabie Saoudite/Corée du sud/Pologne
100%
AdidasPays de Galles/Mexique/Belgique/Espagne/Argentine/Japon/Allemagne
100%
PumaMaroc/Ghana/Sénégal/Serbie/Suisse/Uruguay
96%
HummelDanemark
71%
MarathonEquateur
52%
One All SportsCameroun
49%
KappaTunisie
47%
MajidIran
41%
New BalanceCosta-Rica
32%

Distribution des résultats

Percentile par nombre de réponses

% des personnes avec chaque résultat

Votre développement - résultats

Vous n’avez pas pris ce quiz